A szövegtan kutatásáról és oktatásáról

Elmentve itt :
Bibliográfiai részletek
Szerzők: Petőfi S. János
Benkes Zsuzsa
Dokumentumtípus: Cikk
Megjelent: 1997
Sorozat:Iskolakultúra 7 No. 4
Online Access:http://misc.bibl.u-szeged.hu/40933
LEADER 00604nab a2200181 i 4500
001 misc40933
005 20191106141025.0
008 180709s1997 hu o 0|| zxx d
022 |a 1215-5233 
040 |a SZTE Miscellanea Repozitórium  |b hun 
041 |a zxx 
100 2 |a Petőfi S. János 
245 1 2 |a A szövegtan kutatásáról és oktatásáról  |h [elektronikus dokumentum] /  |c  Petőfi S. János 
260 |c 1997 
300 |a 32-44 
490 0 |a Iskolakultúra  |v 7 No. 4 
700 0 1 |a Benkes Zsuzsa  |e aut 
856 4 0 |u http://misc.bibl.u-szeged.hu/40933/1/15_EPA00011_iskolakultura_1997-4.pdf  |z Dokumentum-elérés